000 00911nam a2200253Ia 4500
003 OSt
005 20220923211644.0
006 a|||||r|||| 00| 0
007 ta
008 220922b |||||||| |||| 00| 0 hin d
024 _a40,197
037 _cTextual
040 _aARTS
_cARTS
_bhin
041 _2hin
_ahin
082 _aO15,1:g, 152M4
100 _aजोशी, अनिरूद्व
_9156272
245 0 _aसंस्कृत अलंकार शास्त्र का समन्वित इतिहास
246 _aSanskṛut alankār shāstra kā sahinvit itihāsa
260 _aदिल्ली
_b अजन्ता पब्लिकेशनज़
_c1984
300 _a103पृ.
_ccm.
650 _aसंस्कृत साहित्य
942 _hO15,1:g, 152M4
_cTEXL
_2CC
999 _c302224
_d302224